Dua Lipa - Paroles Break My Heart - Statistiques

Statistiques générales
  • Ce quiz a été pris 44 fois
  • Le résultat moyen est 414 sur 499
Statistiques - réponses
Hint Réponse % Correct
a
100%
I
100%
Oh
100%
Bridge Ooh,
100%
Ooh
100%
You
100%
you
100%
my
97%
the
97%
when
97%
all
93%
at
93%
break
93%
go
93%
go,
93%
heart?
93%
heart
93%
love
93%
on
93%
time
93%
win
93%
but
90%
But
90%
could
90%
do
90%
fallin'
90%
fallin'?
90%
"Hello"
90%
in
90%
it
90%
it,
90%
know
90%
me
90%
no
90%
no,
90%
of
90%
one
90%
say
90%
that
90%
to
90%
want
90%
alone
87%
baby
87%
goodbye
87%
home
87%
stay
87%
was
83%
Are
80%
end
80%
first
80%
I'm
80%
With
80%
always
77%
and
77%
attention
77%
better
77%
can
77%
'Cause
77%
Am
73%
been
73%
falling
73%
Had
73%
have
73%
million
73%
times
73%
before
70%
every
70%
Couplet 1 I've
70%
never
70%
said,
70%
this
70%
what
70%
Pré-refrain Center
67%
for
67%
get
67%
hundred
67%
If
67%
if
67%
like
67%
not
67%
It's
63%
name
63%
Now
63%
now
63%
stayed
63%
sure
63%
waste
63%
doin'
60%
from
60%
got
60%
heard
60%
lose
60%
reflection
60%
whatever
60%
Whenever
60%
your
60%
feels
57%
things
57%
afraid
53%
hope
53%
letting
53%
mind
53%
only
53%
should've
53%
there
53%
Everyone
50%
game,
50%
just
50%
play
50%
would've
50%
wrong
50%
Two
47%
wonder
47%
indecisive
43%
ain't
37%
known
37%
Yeah,
37%
Aucun quiz correspondant
Distribution des résultats
% des personnes avec chaque résultat
Percentile par nombre de réponses
Votre historique - résultats
Vous n’avez pas pris ce quiz